000 01051cam a22002054a 4500
005 20250605164353.0
008 250528s ||||||||||||||||||||||||d
035 _a24174
020 _a9781607970422
040 _aGR-AtMCL
_bgre
_dGR-AtMCL
_eAACR2
245 1 _aA Guide to Careers in Sport and Exercise Science / The British Association of Sport and Exercise Sciences
260 _aLeeds, UK,
_c2020
300 _a50
520 _aIntroduction, What is Sport and Exercise Science?, The British Association of Sport and Exercise Sciences, Pursuing a Career in Sport and Exercise Science, Entry Requirements, Choosing an Undergraduate Endorsement Scheme, Choosing a Postgraduate Course, BASES Accreditation and Supervising Experience, Insider's View: Tips from Recent Sport and Exercise Science Graduates, Career Pathways, Job Profiles, Useful Websites and Resources, Acknowledgements.
710 2 _aBASES
_99828
710 2 _aThe British Association Of Sport And Exercise Sciences
_99829
942 _cBK
999 _c9070
_d9070